000 00839nac a22002411u 4500
010 _a 91040537
020 _a1851667458
082 0 0 _a621.8672
_bWIL
090 _c5342
_d5342
100 _aWilson, K. C.
245 1 0 _aSlurry transport using centrifugal pumps /
_cby K.C. Wilson, G.R. Addie, and R. Clift.
260 _aLondon ;
_aNew York :
_bElsevier Applied Science,1992
_cc1992.
300 _ax, 355 p. :
_b98 ill. ;
_c25 cm.
440 0 _aElsevier handling and processing of solids series
500 _adistributer: Al-Ahram
504 _aIncludes bibliographical references and index.
511 _acatalogued by: wessam
650 0 _aSlurry pipelines.
650 0 _aCentrifugal pumps.
700 1 _aAddie, G. R.
700 1 _aClift, R.
_q(Roland)
942 _cBB
_k621.8672WIL
999 _c5342
_d5342